01005cam a22002894a 450000100090000000300040000900500170001300800410003001000170007102000180008804000180010604200080012405000230013208200230015510000220017824500860020025000120028626000410029830000610033944000660040050001040046650400510057065000240062165000210064565000210066670000280068713736910OSt20200128151918.0040930s2006 maua b 001 0 eng  a 2004056943 a9780070600935 aDLCcDLCdDLC apcc00aHD69.P75bG72 200600a658.404222bGRA/P1 aGray, Clifford F.10aProject management :bthe managerial process /cClifford F. Gray, Erik W. Larson. a3rd ed. aBoston :bMcGraw-Hill/Irwin,cc2006. axviii, 561 p. :bill. ;c27 cm. +c2 CD-ROMs (4 3/4 in.) 4aThe McGraw-Hill/Irwin series Operations and decision sciences aIncludes the student disc for this book and a trial version of Microsoft Project Professional 2003. aIncludes bibliographical references and index. 0aProject management. 0aTime management. 0aRisk management.1 aLarson, Erik W.,d1952-